[Event "It Linares ESP"]
[Site "?"]
[Date "1997.??.??"]
[Round "11"]
[White "Anand, V."]
[Black "Dreev, A."]
[Result "1-0"]
[WhiteElo "2765"]
[BlackElo "2650"]
[PlyCount "63"]
[EventDate "1997.??.??"]
[Source "www.chesslib.no"]
[SourceDate "2004.05.04"]

1. e4 c5 2. Nf3 Nc6 3. d4 cxd4 4. Nxd4 Nf6 5. Nc3 d6 6. Bg5 e6 7. Qd2 a6 8. O-O-O Bd7 9. f3 h6 10. Be3 Qc7 11. g4 Ne5 12. h4 b5 13. Be2 g6 14. g5 hxg5 15. hxg5 Rxh1 16. Rxh1 Nh5 17. Kb1 Ng3 18. Rh7 Nc4 19. Bxc4 Qxc4 20. b3 Qf1+ 21. Kb2 a5 22. Rh8 a4 23. Ndxb5 Bxb5 24. Nxb5 axb3 25. Nxd6+ Kd7 26. Nf5+ Kc6 27. Qc3+ Kb7 28. Qxb3+ Bb4 29. Qxb4+ Qb5 30. Qxb5+ Kc7 31. Bf4+ e5 32. Bxe5# 1-0

[Event "Eastern Class-ch 8th"]
[Site "?"]
[Date "1999.??.??"]
[Round "4"]
[White "Stripunsky Alexander"]
[Black "Yermolinsky Alex"]
[Result "0-1"]
[WhiteElo "2570"]
[BlackElo "2700"]
[PlyCount "112"]
[EventDate "1999.??.??"]
[Source "www.chesslib.no"]
[SourceDate "2004.05.04"]

1. e4 c5 2. Nf3 d6 3. d4 cxd4 4. Nxd4 Nf6 5. Nc3 Nc6 6. Bg5 e6 7. Qd2 a6 8. O-O-O Bd7 9. f4 b5 10. Bxf6 gxf6 11. Nxc6 Bxc6 12. Bd3 b4 13. Ne2 Qb6 14. Kb1 h5 15. f5 Bh6 16. Qe1 e5 17. Bc4 Ke7 18. Nc1 Rac8 19. Qe2 Bxc1 20. Kxc1 Bb5 21. Bxb5 Qxb5 22. Rd3 Rc6 23. Rhd1 Rhc8 24. R1d2 a5 25. Kb1 a4 26. Rd5 Qxe2 27. Rxe2 b3 28. c3 Rc5 29. Rd3 Rc4 30. a3 R8c5 31. g3 d5 32. exd5 Kd6 33. Kc1 e4 34. Rdd2 Rxd5 35. Rxd5+ Kxd5 36. Kd2 Ke5 37. Ke3 Kxf5 38. Rd2 Ke6 39. Rd8 f5 40. Ra8 h4 41. Ra6+ Ke5 42. Ra5+ Kf6 43. Kf4 Kg6 44. Ra6+ f6 45. Ra8 hxg3 46. hxg3 Rc7 47. Rxa4 Rh7 48. Rb4 Rh2 49. Rxb3 Rf2+ 50. Ke3 Rf3+ 51. Ke2 Rxg3 52. Rb8 f4 53. a4 Kf5 54. a5 Rg2+ 55. Kf1 f3 56. a6 e3 0-1

[Event "Luzern 71/218"]
[Site "?"]
[Date "1997.??.??"]
[Round "?"]
[White "Rodriguez, Amador"]
[Black "Short, Nigel D"]
[Result "1/2-1/2"]
[WhiteElo "2545"]
[BlackElo "2660"]
[PlyCount "59"]
[EventDate "1997.??.??"]
[Source "ChessBase"]
[SourceDate "1997.10.01"]

1. e4 c5 2. Nf3 Nc6 3. d4 cxd4 4. Nxd4 Nf6 5. Nc3 d6 6. Bg5 e6 7. Qd2 a6 8. O-O-O Bd7 9. f3 Be7 10. h4 b5 11. Kb1 Ne5 12. Bd3 O-O 13. g4 Rb8 14. Be3 Qc7 15. h5 Rfc8 16. g5 Ne8 17. Rdg1 b4 18. Nce2 Nxd3 19. Qxd3 g6 20. hxg6 hxg6 21. Nf4 Bf8 22. Qd2 Bg7 23. Rh4 Qc4 24. Rgh1 Rc5 25. Rh7 Kf8 26. Nb3 Rcb5 27. Nd4 Rc5 28. Nb3 Rcb5 29. Nd4 Ra5 30. Nb3 1/2-1/2

[Event "Manila Vierkampf"]
[Site "?"]
[Date "1976.??.??"]
[Round "?"]
[White "Karpov, Anatoly"]
[Black "Torre, Eugenio"]
[Result "0-1"]
[WhiteElo "2695"]
[BlackElo "2505"]
[PlyCount "104"]
[EventDate "1976.??.??"]
[Source "www.chesslib.no"]
[SourceDate "2004.05.04"]

1. e4 c5 2. Nf3 Nc6 3. d4 cxd4 4. Nxd4 Nf6 5. Nc3 d6 6. Bg5 e6 7. Qd2 a6 8. O-O-O Bd7 9. f4 b5 10. Qe1 Nxd4 11. Rxd4 Qb6 12. Rd2 Be7 13. Bd3 b4 14. Nd1 Bb5 15. Nf2 h6 16. Bh4 g5 17. fxg5 hxg5 18. Bg3 Nh5 19. Ng4 Nxg3 20. hxg3 Rxh1 21. Qxh1 Rc8 22. Kb1 Bxd3 23. cxd3 Qd4 24. Qd1 a5 25. Nh2 g4 26. Nxg4 Bg5 27. Rc2 Rxc2 28. Kxc2 a4 29. a3 b3+ 30. Kb1 d5 31. exd5 Qxd5 32. Nf2 Qxg2 33. Ne4 Be3 34. Nc3 Qc6 35. d4 Qc4 36. d5 e5 37. Qh1 Qd3+ 38. Ka1 Bd4 39. Qh8+ Kd7 40. Qa8 Qf1+ 41. Nb1 Qc4 42. Qb7+ Kd6 43. Qb8+ Kxd5 44. Qd8+ Ke6 45. Qe8+ Kf5 46. Qd7+ Kg6 47. Qg4+ Kf6 48. Nc3 Qf1+ 49. Nb1 Qf2 50. Qh3 Ke7 51. Nc3 Bxc3 52. bxc3 Qa2# 0-1